COMPUTER FUNDAMENTALS (Record no. 24978)
[ view plain ]
| 000 -LEADER | |
|---|---|
| fixed length control field | 00317nam a22001457a 4500 |
| 003 - CONTROL NUMBER IDENTIFIER | |
| control field | SGT |
| 020 ## - INTERNATIONAL STANDARD BOOK NUMBER | |
| International Standard Book Number | 9788131733097 |
| 082 ## - DEWEY DECIMAL CLASSIFICATION NUMBER | |
| Classification number | 621.39,GOE |
| 100 ## - MAIN ENTRY--PERSONAL NAME | |
| Personal name | GOEL, ANITA |
| 245 ## - TITLE STATEMENT | |
| Title | COMPUTER FUNDAMENTALS |
| 260 ## - PUBLICATION, DISTRIBUTION, ETC. (IMPRINT) | |
| Place of publication, distribution, etc | INDIA |
| Name of publisher, distributor, etc | PEARSON |
| Year of Publication | 2022 |
| 300 ## - PAGE DESCRIPTION | |
| No. of Pages | 545 |
| 650 ## - SUBJECT ADDED ENTRY--TOPICAL TERM | |
| Topical term or geographic name as entry element | COMPUTER ENGINEERING |
| 942 ## - ADDED ENTRY ELEMENTS (KOHA) | |
| Source of classification or shelving scheme | Dewey Decimal Classification |
| Koha item type | Books |
| 942 ## - ADDED ENTRY ELEMENTS (KOHA) | |
| -- | 42 |
| Withdrawn status | Lost status | Source of classification or shelving scheme | Damaged status | Use restrictions | Not for loan | Collection code | Home library | Current library | Shelving location | Date acquired | Vendor Name | Cost, normal purchase price | SGTU | Bill Number | Full call number | Accession No. (Barcode) | Date last seen | Bill Date | Koha item type | Total Checkouts | Date last borrowed |
|---|---|---|---|---|---|---|---|---|---|---|---|---|---|---|---|---|---|---|---|---|---|
| Dewey Decimal Classification | Restricted Access | ENGINEERING | SGT Engineering Library | SGT Engineering Library | Reference Book | 05/09/2023 | AHUJA BOOK COMPANY | 575.00 | SGTU | 16906 | 621.39,GOE | FE8672 | 05/09/2023 | 16/06/2023 | Books | ||||||
| Dewey Decimal Classification | ENGINEERING | SGT Engineering Library | SGT Engineering Library | Text Book | 05/09/2023 | AHUJA BOOK COMPANY | 575.00 | SGTU | 16906 | 621.39,GOE | FE8673 | 15/01/2025 | 16/06/2023 | Books | 10 | 02/01/2025 | |||||
| Dewey Decimal Classification | ENGINEERING | SGT Engineering Library | SGT Engineering Library | Text Book | 05/09/2023 | AHUJA BOOK COMPANY | 575.00 | SGTU | 16906 | 621.39,GOE | FE8674 | 29/01/2025 | 16/06/2023 | Books | 9 | 21/10/2024 | |||||
| Dewey Decimal Classification | ENGINEERING | SGT Engineering Library | SGT Engineering Library | Text Book | 05/09/2023 | AHUJA BOOK COMPANY | 575.00 | SGTU | 16906 | 621.39,GOE | FE8675 | 05/02/2025 | 16/06/2023 | Books | 9 | 17/01/2025 | |||||
| Dewey Decimal Classification | ENGINEERING | SGT Engineering Library | SGT Engineering Library | Text Book | 05/09/2023 | AHUJA BOOK COMPANY | 575.00 | SGTU | 16906 | 621.39,GOE | FE8676 | 15/01/2025 | 16/06/2023 | Books | 14 | 28/12/2024 |